El pequeño vampiro en la granja / (Record no. 142632)

MARC details
000 -CABECERA
campo de control de longitud fija 00617nam a2200193 u 4500
005 - FECHA Y HORA DE LA ÚLTIMA TRANSACCIÓN
campo de control 20240910063926.0
008 - ELEMENTOS DE LONGITUD FIJA--INFORMACIÓN GENERAL
campo de control de longitud fija 090519s2007 r 000 0 eng d
020 ## - NÚMERO INTERNACIONAL NORMALIZADO PARA LIBROS
Número Internacional Estándar del Libro 9788420471594
035 ## - NÚMERO DE CONTROL DEL SISTEMA
Número de control de sistema UPN01000170527
049 ## - COLECCIÓN
Colección I
050 #4 - SIGNATURA TOPOGRÁFICA DE LA BIBLIOTECA DEL CONGRESO
Número de clasificación PZ78
Número de documento/Ítem S9.5
100 1# - ASIENTO PRINCIPAL--NOMBRE PERSONAL
Nombre de persona Sommer-Bodenburg, Angela,
Fechas asociadas al nombre 1948-
9 (RLIN) 30987
245 13 - MENCIÓN DE TÍTULO
Título El pequeño vampiro en la granja /
Mención de responsabilidad, etc. Angela Sommer-Bodenburg ; José Miguel Rodríguez Clemente.
260 ## - PUBLICACIÓN, DISTRIBUCIÓN, ETC.
Lugar de publicación, distribución, etc. Madrid :
Nombre del editor, distribuidor, etc. Alfaguara,
Fecha de publicación, distribución, etc. 2007.
300 ## - DESCRIPCIÓN FÍSICA
Extensión 166 p. :
Otras características físicas il.
650 #4 - ASIENTO SECUNDARIO DE MATERIA - TERMINO TEMATICO
Término de materia o nombre geográfico como elemento de entrada Cuentos infantiles alemanes
9 (RLIN) 8589
650 #4 - ASIENTO SECUNDARIO DE MATERIA - TERMINO TEMATICO
Término de materia o nombre geográfico como elemento de entrada VAMPIROS -
Subdivisión de forma LITERATURA INFANTIL
9 (RLIN) 15397
905 ## - TIPO DE MATERIAL
Tipo de material Infantil
Holdings
Estado de retiro Estado de pérdida Fuente del sistema de clasificación o colocación Estado dañado No para préstamo Código de colección Localización permanente Ubicación/localización actual Ubicación en estantería Fecha de adquisición Total de préstamos Clasificación Código de barras Fecha visto por última vez Fecha del último préstamo Número de copia Tipo de ítem Koha
    Library of Congress Classification     Infantil Bib. Gregorio Torres Quintero Bib. Gregorio Torres Quintero Sala infantil Planta baja 10/05/2023 4 PZ78 S9.5 264383 18/10/2023 04/10/2023 1 Libro